000 00898nam a2200253 i 4500
001 53702
003 ES-MaACL
005 20230906162821.0
007 t|
008 031110s1999 mx |||| | spa d
020 _a968-12-0924-9
080 _a929-054.7(=1.460:72):008
100 1 _aSoler Vinyes, Martí.
_9107197
245 1 3 _aLa casa del éxodo
_b: los exiliados y su obra en la Casa de España y El Colegio de México, 1938-1947 /
_cMartí Soler Vinyes.
260 _aMéxico :
_bEl Colegio de México,
_c1999.
300 _a165 p. ;
_c21 cm.
490 1 _aColección Testimonios ;
_v5
610 2 7 _aCasa de España en México-
_vHistoria.
_92468
610 2 7 _aColegio de México-
_vHistoria.
_92912
650 4 _aExiliados españoles-
_zMéxico-
_xVida intelectual.
_9160018
830 0 _aColección Testimonios ;
_v5
_9180017
852 _aES-MaACL
_jL-26542
999 _c53702
_d53702